Луи де Фюнес (Запись № 1453707)

Подробности
000 -МАРКЕР
контрольное поле 01586nam0a2200349 4500
001 - ИДЕНТИФИКАТОР ЗАПИСИ
контрольное поле RU\NLR\bibl\1160274
005 - ИДЕНТИФИКАТОР ВЕРСИИ
контрольное поле 20260405143800.0
010 ## - МЕЖДУНАРОДНЫЙ СТАНДАРТНЫЙ НОМЕР КНИГИ (ISBN)
Номер (ISBN) 978-5-7516-0650-3
Тираж 4000
035 ## - ДРУГИЕ СИСТЕМНЫЕ НОМЕРА
Идентификатор записи (nilc)IZD\AST\2007\735687
035 ## - ДРУГИЕ СИСТЕМНЫЕ НОМЕРА
Идентификатор записи (NLR Aleph) 001147024
100 ## - ДАННЫЕ ОБЩЕЙ ОБРАБОТКИ
Данные общей обработки 20070925d2007 |||y0rusy50 ca
101 1# - ЯЗЫК РЕСУРСА
Язык текста, звукозаписи и т.д. русский
Язык оригинала французский
102 ## - СТРАНА ПУБЛИКАЦИИ ИЛИ ПРОИЗВОДСТВА
Страна публикации Российская Федерация
105 ## - ПОЛЕ КОДИРОВАННЫХ ДАННЫХ: ТЕКСТОВЫЕ МАТЕРИАЛЫ, МОНОГРАФИЧЕСКИЕ
Кодированные данные о монографическом текстовом документе a |||||||||
200 1# - ЗАГЛАВИЕ И СВЕДЕНИЯ ОБ ОТВЕТСТВЕННОСТИ
Основное заглавие Луи де Фюнес
Сведения, относящиеся к заглавию не говорите обо мне слишком много, дети мои!
Первые сведения об ответственности Патрик де Фюнес, Оливье де Фюнес
Последующие сведения об ответственности пер. с фр. А. Брагинского
210 ## - ПУБЛИКАЦИЯ, РАСПРОСТРАНЕНИЕ И ДР.
Место издания, распространения и т.д. Москва
Имя издателя, распространителя и т. д. Текст
Дата издания, распространения и т.д. 2007
215 ## - ФИЗИЧЕСКАЯ ХАРАКТЕРИСТИКА
Специфическое обозначение материала и объем 202, [2] с., [8] л. ил., портр.
Размеры 21
300 ## - ОБЩИЕ ПРИМЕЧАНИЯ
Текст примечания Загл. и авт. ориг.: Louis de Funes / Patrick et Olivier de Funes
454 #0 - ОРИГИНАЛ (ПЕРЕВОДА)
Встроенное поле 2001#$aLouis de Funes$zfre
-- 700#1$aFunes$bP.$gPatrick de$4070
-- 701#1$aFunes$bO.$gOlivier de$4070
Заглавие Louis de Funes
Автор Funes, Patrick de
600 #1 - ИМЯ ЛИЦА КАК ПРЕДМЕТ
Начальный элемент ввода Фюнес
Часть имени, кроме начального элемента ввода Л.
Даты 1914 - 1983
Расширение инициалов личного имени Луи де
Системный номер авторитетной/нормативной записи 2496602
Идентификатор авторитетной/нормативной записи RU\NLR\auth\661481000
686 ## - ИНДЕКСЫ ДРУГИХ КЛАССИФИКАЦИЙ
Индекс 0881
-- Художественно-игровое кино
Код системы
686 ## - ИНДЕКСЫ ДРУГИХ КЛАССИФИКАЦИЙ
Индекс Щ374.3(4Фр)6-86Фюнес
700 #1 - ИМЯ ЛИЦА - ПЕРВИЧНАЯ ОТВЕТСТВЕННОСТЬ
Начальный элемент ввода Фюнес
Часть имени, кроме начального элемента ввода П.
Расширение инициалов личного имени Патрик де
Код отношения Автор
701 #1 - ИМЯ ЛИЦА - АЛЬТЕРНАТИВНАЯ ОТВЕТСТВЕННОСТЬ
Начальный элемент ввода Фюнес
Часть имени, кроме начального элемента ввода О.
Расширение инициалов личного имени Оливье де
Код отношения Автор
702 #1 - ИМЯ ЛИЦА - ВТОРИЧНАЯ ОТВЕТСТВЕННОСТЬ
Код отношения Прочие
Графика поля Кириллица
Материалы, к которым относится поле rus
Начальный элемент ввода Фюнес
Часть имени, кроме начального элемента ввода Л. де
Даты 1914-1983
Расширение инициалов личного имени Луи де
Системный номер авторитетной/нормативной записи 42410
Идентификатор авторитетной/нормативной записи RU\NLR\auth\7759479
801 #0 - ИСТОЧНИК ЗАПИСИ
Страна Российская Федерация
Организация ЛИБНЕТ
Дата составления 20070925
801 #1 - ИСТОЧНИК ЗАПИСИ
Страна Российская Федерация
Организация ЦУНБ Москва
Дата составления 20071002
Источник данных rusmarc
801 #2 - ИСТОЧНИК ЗАПИСИ
Страна Российская Федерация
Организация NLR
Дата составления 20071128
Правила каталогизации rcr
942 ## - ДОПОЛНИТЕЛЬНЫЕ ЭЛЕМЕНТЫ ЗАПИСИ (АБИС)
Тип экземпляра АБИС Книга
980 ## - КОЛЛЕКЦИЯ
Название коллекции Национальная библиография
Экземпляры
Тип экземпляра Дата поступления Источник поступления Стоимость Библиотека постоянного хранения Библиотека текущего хранения Место хранения Шифр хранения Штрих-код Статус экземпляра
Книга 28.11.2007 Покупка 120.00 РНБ (Московский) РНБ (Московский) Русский книжный фонд: издания с 1957 года 2007-3/33056 2558998  
Книга 28.11.2007 Подсобные фонды РНБ   РНБ (Московский) РНБ (Московский) Фонд общего зала литературы по филологии, педагогике и искусству (гуманитарной литературы)   2559007  
Книга 27.02.2010 Покупка СТ 210.60 РНБ (Московский) РНБ (Московский) Русский книжный фонд: издания с 1957 года 2007-3/33056 3111585  
Книга 28.11.2007 Покупка 120.00 РНБ (Садовая) РНБ (Садовая) Универсальный читальный зал У Щ37(4/8)/Ф-995ф 1-133017